| 000 | 01056nam a22003137a 4500 | ||
|---|---|---|---|
| 001 | BR8206320 | ||
| 003 | BR-BrBNA | ||
| 005 | 20230928091504.0 | ||
| 007 | ta | ||
| 008 | 230509b bl.||||| |||| 00| 0 por d | ||
| 040 |
_aBR-BrBNA _bpor _cBiblioteca Nacional de Agricultura |
||
| 041 | _a(Por) | ||
| 072 |
_aF00 _b1300 _b/G514 |
||
| 090 | _ 1300 BR8206320 | ||
| 100 | 1 | _aChaves, G.C.G. | |
| 100 | 1 | _aBarros, C.E.F. | |
| 100 | 1 | _aFreire, L.E. de F. | |
| 100 | 1 | _aDurey, J.S.F. | |
| 110 | 1 |
_aComissao Estadual de Planejamento Agricola de Mato Grosso do Sul, Campo Grande (Brasil) _92030 |
|
| 245 | 1 | _aCinturao verde de Campo Grande. Diagnostico, 1980 [Mato Grosso do Sul, Brasil] | |
| 260 | 3 |
_aCampo Grande, MS (Brasil): _c1982. |
|
| 300 | _a116 p. | ||
| 500 | _aNumerical data. (*) Documento disponível na(o) Comissao Estadual de Planejamento Agricola de Mato Grosso do Sul, Campo Grande (Brazil) | ||
| 650 | _aHORTALICA | ||
| 650 | _aCAMPO GRANDE | ||
| 650 | _aMATO GROSSO DO SUL | ||
| 909 |
_a202309 _bLucia _c55 _dLucia Elande |
||
| 942 | _cBK | ||
| 999 |
_c34079 _d34079 |
||